| 000 | 00835nam a2200277Ia 4500 | ||
|---|---|---|---|
| 003 | OSt | ||
| 005 | 20220927110351.0 | ||
| 006 | a|||||r|||| 00| 0 | ||
| 007 | ta | ||
| 008 | 220926b |||||||| |||| 00| 0 eng d | ||
| 024 | _a14657 | ||
| 037 | _cReports | ||
| 040 |
_aRTL _cRTL _beng |
||
| 041 |
_2eng _aeng |
||
| 082 | _a"X:57:(Z2.N72), L3/GD" | ||
| 110 |
_a"India, Loksabha, Foreign Exchange Regulation Bill, 1972" _9376809 |
||
| 245 | 0 | _a"Report presented on the 23rd April, 1973" | |
| 260 |
_aNew _bDelhi LSS India _c1973 |
||
| 300 |
_a"xxxiv, 120p" _ccm. |
||
| 500 | _aAppendix P 51-120 | ||
| 650 | _a Foreign Exchange | ||
| 650 | _aEconomics | ||
| 700 |
_a"India, Loksabha, Foreign Exchange Regulation Bill, 1972" _9376810 |
||
| 942 |
_h"X:57:(Z2.N72), L3/GD" _cCC |
||
| 999 |
_c695874 _d695874 |
||